PCs for dummies (Record no. 76712)
[ view plain ]
| 000 -LEADER | |
|---|---|
| fixed length control field | 01349nam a2200337 a 4500 |
| 082 04 - DEWEY DECIMAL CLASSIFICATION NUMBER | |
| Classification number | 4.165 |
| 100 1# - MAIN ENTRY--AUTHOR NAME | |
| Personal name | Gookin, Dan. |
| 245 10 - TITLE STATEMENT | |
| Title | PCs for dummies |
| 250 ## - EDITION STATEMENT | |
| Edition statement | 12th ed. |
| 260 ## - PUBLICATION, DISTRIBUTION, ETC. (IMPRINT) | |
| Place of publication | Indianapolis, Ind. : |
| Name of publisher | John Wiley & Sons, Inc., |
| Year of publication | 2013. |
| 300 ## - PHYSICAL DESCRIPTION | |
| Number of Pages | xiv, 346 p. : |
| Other physical details | ill. |
| 500 ## - GENERAL NOTE | |
| General note | Includes index. |
| 505 0# - FORMATTED CONTENTS NOTE | |
| Formatted contents note | pt. I. Hello, PC! -- pt. II. The nerd's-eye view -- pt. III. Basic computing -- pt. IV. Networking nonsense -- pt. V. Your digital life -- pt. VI. The part of tens. |
| 650 #0 - SUBJECT ADDED ENTRY--TOPICAL TERM | |
| Topical Term | Microcomputers. |
| 856 40 - ELECTRONIC LOCATION AND ACCESS | |
| Uniform Resource Identifier | http://site.ebrary.com/lib/rucke/Doc?id=10653879 |
No items available.
